000 00632nam a2200229 a 4500
001 66572
003 BD-RjUL
005 20211209081545.0
008 170318s1994 xxu||||| |||| 00| 0 eng d
035 _a(BD-RjUL)66702
040 _aBD-RjUL
_beng
_cBD-RjUL
_dBD-RjUL
041 _aeng
082 _223
_a512
_bKHE 1994
100 1 _aKhurana, K.
_9197056
245 0 1 _aElementary topics in algebra /
_cK Khurana; S B Malik
260 _aNew Delhi :
_bVikas Pub. House,
_c1994.
300 _a269 p. :
_bill. ;
_c20 cm.
500 _aIncludes index
650 _aAlgebra.
_9197057
700 _aMalik, S B
_9197058
942 _2ddc
_cBK
999 _c66572
_d66572